• 首页
  • 本馆介绍
  • 公告通知
  • 最新文献
  • 馆藏检索
  • 电子资源
  • 读者导购
  • 参考咨询
  • 我的图书馆
  • 登录
  • 详细信息显示
  • 放入我的书架
  • 预约/预借图书
  • 作者相关作品
  • 分类相关作品
  • 丛书相关作品
  • 出版社相关作品

书目信息

  • 表格格式
  • 工作单格式
  • 卡片格式
题名:
《鱼美人》舞剧音乐组曲
    
 
作者: 吴祖强 , 杜鸣心 作曲
分册:  
出版信息: 北京   人民音乐出版社  2004
页数: 143页
开本: 26cm
丛书名:
单 册:
中图分类: J643.3
科图分类:
主题词: 总谱 , 舞剧音乐--总谱--中国--现代 , 舞剧音乐
电子资源:
ISBN: 7-103-02839-7
000 00924ncm0 2200265 450
001 002832195
005 20070808183507.84
010    @a7-103-02839-7@dCNY19.00
100    @a20050221d2004 em y0chiy0110 ea
101 0  @achi@aeng
102    @aCN@b110000
105    @ag z 000yy
200 1  @a《鱼美人》舞剧音乐组曲@9《 yu mei ren 》 wu ju yin yue zu qu@e大型管弦乐队总谱@f吴祖强,杜鸣心作曲
210    @a北京@c人民音乐出版社@d2004
215    @a143页@d26cm
330    @a本书内容包括:海滨拂晓、人参舞、鱼美人和猎人的双人舞、珍珠舞、珊瑚舞、二十四个鱼美人舞、三女妖舞、婚礼场面群舞等。
510 1  @aThe Mermaid Dance Drama Suite@eOrchestra Score@zeng
606 0  @a总谱
606 0  @a舞剧音乐@x总谱@y中国@z现代
606 0  @a舞剧音乐
690    @aJ643.3@v4
701  0 @a吴祖强@9wu zu qiang@f(1927~)@4作曲
701  0 @a杜鸣心@9du ming xin@f(1928~)@4作曲
801  0 @aCN@bNLC@c20070808
905    @a10447@dJ643.3@e232
    
    《鱼美人》舞剧音乐组曲:大型管弦乐队总谱/吴祖强,杜鸣心作曲.-北京:人民音乐出版社,2004
    143页;26cm
    
    
    ISBN 7-103-02839-7:CNY19.00
    本书内容包括:海滨拂晓、人参舞、鱼美人和猎人的双人舞、珍珠舞、珊瑚舞、二十四个鱼美人舞、三女妖舞、婚礼场面群舞等。
●
相关链接 在E读中查询图书 在五车中查询图书 在当当中查询图书 在豆瓣中查询图书


正题名:《鱼美人》舞剧音乐组曲     索取号:J643.3/232         预约/预借

序号 登录号 条形码 馆藏地/架位号 状态 备注
1 0809850   208098501   第一样本阅览室/ [索取号:J643.3/232] 在馆    
2 0809851   208098510   第一借阅区/ [索取号:J643.3/232] 在馆    
3 0809852   208098529   第一借阅区/ [索取号:J643.3/232] 在馆    
4 0809853   208098538   第一借阅区/ [索取号:J643.3/232] 在馆    
5 0810007   208100071   密集书库-音乐系/ [索取号:J643.3/232] 在馆    
唐山师范学院图书馆 欢迎您!
大连网信软件有限公司© 版权所有